[Event "CAN-ch U12 Girls"]
[Site "Richmond Hill"]
[Date "2011.07.08"]
[Round "7"]
[White "Gao, Yingtong"]
[Black "Moayyed, Dorsa"]
[Result "0-1"]
[WhiteElo "955"]
[BlackElo "1029"]
[PlyCount "114"]
[EventDate "2011.07.06"]
[EventType "swiss"]
[EventRounds "7"]
[EventCountry "CAN"]
[SourceTitle "EXT 2022"]
[Source "ChessBase"]
[SourceDate "2021.10.06"]
[SourceVersion "1"]
[SourceVersionDate "2021.10.06"]
[SourceQuality "1"]

1. e4 e5 2. Nf3 Nc6 3. Nc3 Nf6 4. Bc4 Nxe4 5. Nxe4 d5 6. Bxd5 Qxd5 7. Nc3 Qd8 8. d3 Bg4 9. h3 Bh5 10. g4 Bg6 11. h4 h6 12. h5 Bh7 13. Bd2 Bb4 14. a3 Bxc3 15. Bxc3 0-0 16. Qd2 Re8 17. 0-0-0 Nd4 18. Nxd4 exd4 19. Bb4 a5 20. Bxa5 Re5 21. Bb4 c5 22. Bxc5 Rxc5 23. Kb1 Qg5 24. Qxg5 Rxg5 25. f3 Re8 26. Rde1 Rc8 27. Rh2 Rd5 28. Rhe2 Rdd8 29. a4 g6 30. Re7 b6 31. hxg6 Bxg6 32. b4 f6 33. R7e6 Re8 34. Rxe8+ Bxe8 35. Re6 Bc6 36. b5 Bxf3 37. Rxf6 Bd1 38. Rf2 Bxg4 39. Rf6 Bd1 40. Rf2 Rf8 41. Rxf8+ Kxf8 42. a5 Ke8 43. axb6 Bf3 44. Kb2 Kd7 45. c4 dxc3+ 46. Kxc3 h5 47. Kb4 h4 48. Ka5 Bb7 49. d4 h3 50. d5 h2 51. d6 h1Q 52. Ka4 Qe4+ 53. Ka5 Qe1+ 54. Ka4 Kxd6 55. Ka3 Kc5 56. Ka2 Kc4 57. Ka3 Qa1# 0-1

[Event "CAN-ch U12 Girls"]
[Site "Richmond Hill"]
[Date "2011.07.06"]
[Round "2"]
[White "Gao, Yingtong"]
[Black "Giblon, Melissa"]
[Result "0-1"]
[WhiteElo "955"]
[BlackElo "1391"]
[PlyCount "62"]
[EventDate "2011.07.06"]
[EventType "swiss"]
[EventRounds "7"]
[EventCountry "CAN"]
[SourceTitle "EXT 2022"]
[Source "ChessBase"]
[SourceDate "2021.10.06"]
[SourceVersion "1"]
[SourceVersionDate "2021.10.06"]
[SourceQuality "1"]

1. e4 c5 2. Bc4 d6 3. Nc3 Nf6 4. Nf3 Nc6 5. g3 g6 6. Ng5 Ne5 7. Bb5+ Bd7 8. Bxd7+ Qxd7 9. d3 Bg7 10. Nf3 Nc6 11. d4 cxd4 12. Nxd4 Nxe4 13. Nxc6 Nxc3 14. Ne5 Bxe5 15. Qd3 Na4 16. c3 0-0 17. Bd2 Nxb2 18. Qe2 Qc6 19. Rc1 Qxh1+ 20. Qf1 Nd3+ 21. Ke2 Qxf1+ 22. Kxf1 Nxc1 23. Bxc1 Rac8 24. Bb2 Bxc3 25. Bxc3 Rxc3 26. Kg2 Rfc8 27. h4 Rc2 28. Kf1 Rxa2 29. Kg2 h5 30. Kf1 Rcc2 31. Ke1 Rc1# 0-1